Statistiche per Comuni d'Italia per superficie

Clicka qui per fare il quiz!

Statistiche generali

  • Questo quiz è stato fatto 37 volte
  • Il punteggio medio è 9 su 20

Statistiche sulle risposte

Superficie (km²)RegioneComune% Corretto
1 287,24LazioRoma
100%
509,25PugliaFoggia
83%
449,61UmbriaPerugia
71%
653,87Emilia-RomagnaRavenna
71%
392,08BasilicataMatera
51%
415,89VenetoVenezia
51%
547,03SardegnaSassari
49%
402,88PugliaAndria
40%
473,53ToscanaGrosseto
40%
473,91AbruzzoL'Aquila
40%
421,25SiciliaCaltanissetta
37%
405,14RomagnaFerrara
37%
525,77UmbriaGubbio
37%
444,71SiciliaRagusa
34%
597,92PugliaCerignola
31%
406,23LazioViterbo
31%
554,98SiciliaNoto
29%
431,37PugliaAltamura
26%
387,32UmbriaCittà di Castello
26%
530,18SiciliaMonreale
20%

Distribuzione punteggi

Percentile per numero di risposta

Percentuale di utenti per punteggio

I tuoi punteggi nel tempo

Non hai fatto questo quiz